Rozpoznaj dartera po pseudonimie/przydomku - Statystyki

Ogólne statystyki
  • Ten quiz został rozwiązany 61 razy
  • Średni wynik to 13 z 15
Statystyki odpowiedzi
Zagadnienie Odpowiedź % Poprawnych
Rocky Josh Rock
98%
Woody Luke Woodhouse
98%
The Iceman Gerwyn Price
96%
The Polish Eagle Krzysztof Ratajski
96%
The Nuke Luke Littler
96%
Mighty Mike Michael Van Gerwen
94%
The Flying Scotsman Gary Anderson
92%
Cool Hand Luke Humphries
88%
Snakebite Peter Wright
88%
The Giant Gian Van Veen
82%
The Power Phil Taylor
80%
The Ferret Johnny Clayton
73%
The Bolt Sebastian Białecki
73%
The Thumb Krzysztof Kciuk
65%
Superchin Daryl Guerney
63%
Nie znaleziono quizów pasujących do podanych kryteriów
Rozkład punktacji
Procent ludzi z każdym wynikiem
Percentyl według liczby udzielonych odpowiedzi
Twoja historia wyników
Nie rozwiązałeś tego quizu